00646nam a22002417a 450000500170000000800410001702000180005804100080007604100080008408200170009210000170010924501060012626000190023226000180025126000090026930000170027849000120029565000290030765000150033665000170035165000200036865000160038820251024165828.0250402b2024 |||||||| |||| 00| 0 eng d a9788542059433 aING aESP a421.54 A823i aAshby, Peter aInglés práctico para la hostelería: guía práctica de hostelería para todo hispanohablante aEstados Unidos bIndependiente c2024 a72 páginas aTurismo aENSEÑANZA DEL INGLÉS aFONÉTICA aORTOGRAFÍA aPRONUNCIACIÓN aHOTELERÍA